Cube Maze II Quiz Stats

 Plays Quiz Updated Feb 13, 2018

Also try: Cube Maze
Challenge
Share
Tweet
Score 0/15 Timer 04:00
8 Plays Today
% Correct
???
100%
???
83.3%
???
75%
???
39.5%
???
34.7%
???
32%
???
28.8%
???
27.7%
% Correct
???
19.9%
???
18%
???
16%
???
15.5%
???
13.9%
???
13.9%
???
13.9%

You're not logged in!

Compare scores with friends on all Sporcle quizzes.
Join for Free
OR
Log In

You Might Also Like...

Show Comments

Extras

Top Quizzes Today


Score Distribution

Your Account Isn't Verified!

In order to create a playlist on Sporcle, you need to verify the email address you used during registration. Go to your Sporcle Settings to finish the process.

Report this User

Report this user for behavior that violates our Community Guidelines.

Details: